| 000 | 01177naa a22003257a 4500 | ||
|---|---|---|---|
| 001 | BR8002569 | ||
| 003 | BR-BrBNA | ||
| 005 | 20240918174549.0 | ||
| 007 | ta | ||
| 008 | 230509b bl.||||| |||| 00| 0 por d | ||
| 040 |
_aBR-BrBNA _bpor _cBiblioteca Nacional de Agricultura |
||
| 041 | _a(Pt) | ||
| 072 |
_aH00; T00 _b3871 _b3877 _bG514 |
||
| 090 | _aH00 BR8002569 | ||
| 100 | 1 | _aPuga, F.R. | |
| 111 | 1 |
_a2. Simposio Nacional de Aviacao Agricola _cFoz do Iguacu, PR (Brazil) _d13 May 1980 |
|
| 245 | 1 | _aDesenvolvimento das operacoes com defensivos e seus aspectos ecologicos [Inseticida; Pesticida] | |
| 260 | 3 |
_aSao Jose dos Campos, SP (Brasil): _c1980. |
|
| 500 | _aAnais do 2. Simposio Nacional de Aviacao Agricola Sao Jose dos Campos, SP (Brasil): 1980. p. 29-39 (BR8002569-AM)H00 | ||
| 650 | _aDefesa vegetal | ||
| 650 | _aInseticida | ||
| 650 | _aPesticida | ||
| 650 | _aPoluicao | ||
| 650 | _aDefensivo | ||
| 650 | _aAviacao agricola | ||
| 650 | _aToxidez | ||
| 773 | 0 |
_tAnais do 2. Simposio Nacional de Aviacao Agricola _wH00 BR8002569 _gSao Jose dos Campos, SP (Brasil), 1980. p. 29-39 |
|
| 909 |
_a202404 _bLucia _c55 _dLucia Elande |
||
| 942 |
_cAM _2AGRIS |
||
| 999 |
_c312035 _d312035 |
||